| 000 | 00671cam a22002531 4500 | ||
|---|---|---|---|
| 001 | 14695 | ||
| 003 | BD-RjUL | ||
| 005 | 20211208235656.0 | ||
| 008 | 140208s1959 nyua b 001 0 eng | ||
| 035 | _a(BD-RjUL)14749 | ||
| 035 | _a(OCoLC)1575005 | ||
| 040 |
_aDLC _cFM _dOCoLC _dUk _dDLC _beng |
||
| 041 | _aeng | ||
| 082 |
_a636.082 _bBOI 1959 |
||
| 100 | 1 |
_aBogart, Ralph, _d1908- _945808 |
|
| 245 | 1 | 0 |
_aImprovement of livestock / _cRalph Bogart |
| 260 |
_aNew York : _bMacmillan, _c1959. |
||
| 300 |
_a436 p. : _billus. ; _c25 cm. |
||
| 504 | _aIncludes Index | ||
| 650 | 0 |
_aLivestock. _945809 |
|
| 942 |
_2ddc _cBK |
||
| 999 |
_c14695 _d14695 |
||